Largest cities in Kenya - Statistics

General Stats
  • This quiz has been taken 81 times
  • The average score is 3 of 5
Answer Stats
City % Correct
Nairobi
100%
Mombasa
93%
Kisumu
45%
Nakuru
41%
Eldoret
39%
No matching quizzes found
Score Distribution
Percent of People with Each Score
Percentile by Number Answered
Your Score History
You have not taken this quiz